<?xml version="1.0" encoding="UTF-8"?>
<record
    xmlns:xsi="http://www.w3.org/2001/XMLSchema-instance"
    xsi:schemaLocation="http://www.loc.gov/MARC21/slim http://www.loc.gov/standards/marcxml/schema/MARC21slim.xsd"
    xmlns="http://www.loc.gov/MARC21/slim">

  <leader>00683nab a2200205uuc4500</leader>
  <controlfield tag="001">1416933</controlfield>
  <controlfield tag="005">20240228134905.0</controlfield>
  <controlfield tag="008">150730e20150601                    spa  </controlfield>
  <datafield tag="035" ind1=" " ind2=" ">
    <subfield code="a">1416933</subfield>
  </datafield>
  <datafield tag="040" ind1=" " ind2=" ">
    <subfield code="c">comduadb</subfield>
  </datafield>
  <datafield tag="041" ind1=" " ind2=" ">
    <subfield code="a">spa</subfield>
  </datafield>
  <datafield tag="100" ind1="1" ind2="0">
    <subfield code="a">Pardo, Jos&#xE9; Luis,</subfield>
    <subfield code="d">1954-</subfield>
    <subfield code="4">aut</subfield>
    <subfield code="0">(isni)0000 0001 2122 3789</subfield>
    <subfield code="0">(viaf)17280880</subfield>
    <subfield code="e">aut</subfield>
    <subfield code="9">510700</subfield>
  </datafield>
  <datafield tag="245" ind1="1" ind2="0">
    <subfield code="a">Izquierdismo y blasfemia</subfield>
  </datafield>
  <datafield tag="650" ind1=" " ind2=" ">
    <subfield code="a">Blasfemia</subfield>
    <subfield code="9">90878</subfield>
  </datafield>
  <datafield tag="650" ind1=" " ind2=" ">
    <subfield code="a">Izquierdismo</subfield>
    <subfield code="9">38194</subfield>
  </datafield>
  <datafield tag="650" ind1=" " ind2=" ">
    <subfield code="a">Libertad - Aspectos sociales</subfield>
    <subfield code="9">207841</subfield>
  </datafield>
  <datafield tag="650" ind1=" " ind2=" ">
    <subfield code="a">Libertad - Aspectos eticos</subfield>
    <subfield code="9">181784</subfield>
  </datafield>
  <datafield tag="773" ind1="0" ind2=" ">
    <subfield code="t">Claves de Raz&#xF3;n Pr&#xE1;ctica (Madrid)</subfield>
    <subfield code="g">N&#xFA;mero 240, Mayo-Junio 2015, 17-25</subfield>
    <subfield code="w">164277</subfield>
    <subfield code="x">1130-3689</subfield>
    <subfield code="0">178102</subfield>
  </datafield>
  <datafield tag="942" ind1=" " ind2=" ">
    <subfield code="c">ARIMP</subfield>
  </datafield>
  <datafield tag="999" ind1=" " ind2=" ">
    <subfield code="c">717554</subfield>
    <subfield code="d">717554</subfield>
  </datafield>
</record>
